The language of property development. (Record no. 100303)

MARC details
000 -LEADER
fixed length control field 00505cam a2200205 4500
001 - CONTROL NUMBER
control field M99775
008 - FIXED-LENGTH DATA ELEMENTS--GENERAL INFORMATION
fixed length control field 000000n1999 000 0 eng u
035 ## - SYSTEM CONTROL NUMBER
System control number (Sirsi) u104933
050 ## - LIBRARY OF CONGRESS CALL NUMBER
Classification number 333.3303
110 ## - MAIN ENTRY--CORPORATE NAME
Corporate name or jurisdiction name as entry element D. J. Freeman
9 (RLIN) 794
245 #4 - TITLE STATEMENT
Title The language of property development.
260 ## - PUBLICATION, DISTRIBUTION, ETC.
Place of publication, distribution, etc. London
Name of publisher, distributor, etc. D J Freeman
Date of publication, distribution, etc. 1999
300 ## - PHYSICAL DESCRIPTION
Extent (28)p. ; 21cm.
350 ## - PRICE (NR) (BK AM CF MU VM SE) [OBSOLETE]
Price 0.00
650 ## - SUBJECT ADDED ENTRY--TOPICAL TERM
Topical term or geographic name entry element GLOSSARIES
650 ## - SUBJECT ADDED ENTRY--TOPICAL TERM
Topical term or geographic name entry element DICTIONARIES
650 ## - SUBJECT ADDED ENTRY--TOPICAL TERM
Topical term or geographic name entry element PROPERTY DEVELOPMENT
690 ## - LOCAL SUBJECT ADDED ENTRY--TOPICAL TERM (OCLC, RLIN)
Topical term or geographic name as entry element PROPERTY
942 ## - ADDED ENTRY ELEMENTS (KOHA)
Suppress in OPAC 0
Holdings
Withdrawn status Lost status Source of classification or shelving scheme Damaged status Not for loan Home library Current library Shelving location Date acquired Total Checkouts Full call number Barcode Date last seen Date last checked out Copy number Price effective from Koha item type
    Dewey Decimal Classification     London London Books 06/02/2006 1 333.3303 D J F 30071611 06/08/2019 14/04/2009 3 06/08/2019 Book